000 00640nam a2200217 a 4500
003 DLC
005 20260325121038.0
008 991125c1982 us|sr p r 000 0 eng d
022 _a0744-7078
035 _aUPN01000059309
040 _aMX-MxUPN
_bspa
_cMX-MxUPN
_eaacr2
245 1 0 _aAdministrator (Madison) :
_bthe management newsletter for higher education
260 _aEstados Unidos de América :
_bUniversity of Wisconsin,
_c1982-
310 _aQuincenal
650 4 _aAdministración
_928
650 4 _aEducación superior
_932
902 _aGloria Jiménez/250326
904 _aAC
_b000041
905 _aRevista
942 _cREV-I
999 _c59307
_d59307